Sports Quiz

Random Sports or College Quiz
Score 0/20 Timer 07:00
1 Play Today
Hint Answer % Correct
StateArizona
99.5%
Team ColorCardinal
93.6%
Team ColorNavy Blue
93.3%
NicknameWildcats
90.9%
ConferencePac-12
85.5%
No. of Women's Varsity Sports11
83.1%
Primary RivalArizona State
82.3%
Famous Alum: TE Rob _______Gronkowski
81.2%
Famous Alum: SF ______ IguodalaAndre
75.9%
No. of Men's Varsity Sports8
75.1%
Hint Answer % Correct
CityTucson
66.9%
Sport w/ most NCAA ChampionshipsSoftball (8)
42.1%
Basketball ArenaMcKale Center
35.3%
Football StadiumArizona Stadium
25.2%
Fight SongBear Down
24.7%
MascotWilbur
22%
MascotWilma
21.2%
Athletic DirectorDave Heeke
11.5%
Baseball StadiumHi Corbett Field
11.3%
Fight SongFight! Wildcats! Fight!
8.8%
Remove Ads.
Support Sporcle.
Get the best of Sporcle when you Go Orange. This ad-free experience offers more features, more stats, and more fun while also helping to support Sporcle. Thank you for becoming a member.

You're not logged in!

Compare scores with friends on all Sporcle quizzes.
OR
Log In

Show Comments

Extras

Top Quizzes Today


Score Distribution

Your Account Isn't Verified!

In order to create a playlist on Sporcle, you need to verify the email address you used during registration. Go to your Sporcle Settings to finish the process.

Report this User

Report this user for behavior that violates our Community Guidelines.

Details: